| 000 | 01085nam a2200253Ia 4500 | ||
|---|---|---|---|
| 003 | OSt | ||
| 005 | 20240209212841.0 | ||
| 008 | 210310s2015 xxkabcdgr 000 0 eng d | ||
| 020 | _a9781912498970 | ||
| 040 |
_aCO-JMCR _cCO-JMCR _bspa _dCO-JMCR _erda |
||
| 041 | 0 | _aeng | |
| 082 | 0 | 4 |
_a338.809861 _bC718b _223 |
| 245 | 4 |
_aThe business year : _bColombia 2022-2023 |
|
| 260 |
_aBogotá : _bMedellin's Municipality, _c2022 |
||
| 300 |
_a196 páginas : _bilustraciones, gráficos, fotografías y mapas a color ; _c27 cm. |
||
| 490 | _aThe business year | ||
| 500 | _aRevista procesada como monografía | ||
| 505 | 0 | _aDiplomacy. -- Economy. -- Finance. -- Energy y Mining. -- Industry. -- Transport. -- Real estate y construction. -- Agriculture. -- Health y education. -- Tourism. -- Executive guie. | |
| 650 | 1 | 4 |
_aDesarrollo industrial _y2014. _z Colombia _926383 _xIndustry development |
| 650 | 2 | 4 |
_aEmpresarios _xEntrevistas _937734 |
| 650 | 2 | 4 |
_aDesarrollo económico _zColombia _96913 _xEconomics Deveploment |
| 650 | 2 | 4 |
_aIndustrias _zColombia _937735 _xIndustry |
| 942 |
_2ddc _cBK |
||
| 999 |
_c30557 _d16941 |
||